| 000 | 00450cam a22001335i 4500 | ||
|---|---|---|---|
| 020 | _a9789690025548 | ||
| 082 |
_a954.91 _bTUF _cN-02, P-100 |
||
| 100 | 1 |
_aTufail, M. Kaiser, _951812 |
|
| 245 | 1 | 0 |
_aIn the ring and on its feet : _ba concise account based on official war records _cAir Commodore M Kaiser Tufail (Retd). |
| 300 |
_a235 pages : _bmapes, charts ; _c25 cm |
||
| 526 |
_a0 _b0 _c0 _d954_910000000000000_TUF |
||
| 650 | _aWAR | ||
| 942 |
_2ddc _cBK |
||
| 999 |
_c554360 _d554360 |
||